[Event "56th Rubinstein Memorial C 2020"]
[Site "Polanica Zdroj"]
[Date "2020.08.23"]
[Round "9.15"]
[White "Zalega, Maciej"]
[Black "Vanduyfhuys, Igor"]
[Result "1-0"]
[WhiteElo "1743"]
[BlackElo "1776"]
[Annotator "NA"]
[PlyCount "77"]
[EventDate "2020.08.15"]
[EventType "swiss"]
[EventCountry "POL"]
[SourceTitle "playchess.com"]
[Source "ChessBase"]
[SourceQuality "1"]
[TimeControl "40/5400+30:1800+30"]

1. e4 c6 2. d4 d5 3. Nc3 dxe4 4. Nxe4 Nf6 5. Nxf6+ exf6 6. c3 Bd6 7. Bd3 O-O 8. Ne2 Re8 9. Qc2 g6 10. O-O Nd7 11. Re1 Qc7 12. g3 c5 13. Bf4 cxd4 14. cxd4 Bxf4 15. Nxf4 Rxe1+ 16. Rxe1 Qd8 17. Nd5 Nf8 18. Ne7+ Kg7 19. d5 Be6 20. Qc5 b6 21. Qc6 Qxe7 22. Qxa8 Qb4 23. Rb1 Bh3 24. Qc6 Nd7 25. Qc4 Qd2 26. Qc3 Qg5 27. Be4 Nc5 28. f4 Qh5 29. Bf3 Qf5 30. Re1 h5 31. b4 Nb7 32. Be4 Qg4 33. Qc7 h4 34. Kf2 hxg3+ 35. hxg3 g5 36. fxg5 Qxg5 37. Qf4 Nd6 38. Bf3 Qxf4 39. gxf4 1-0